Central Library OPAC University of Rajshahi

The Oder-Neisse problem : (Record no. 36282)

MARC details
000 -LEADER
fixed length control field 01046nam a2200289 a 4500
001 - CONTROL NUMBER
control field 36282
003 - CONTROL NUMBER IDENTIFIER
rucl marc code BD-RjUL
005 - DATE AND TIME OF LATEST TRANSACTION
control field 20211209052450.0
008 - FIXED-LENGTH DATA ELEMENTS--GENERAL INFORMATION
fixed length control field 140619s1964 gw abcf 000 0 eng
035 ## - SYSTEM CONTROL NUMBER
System control number (BD-RjUL)36379
040 ## - CATALOGING SOURCE
Original cataloging agency LC
Language of cataloging eng
Transcribing agency LC
Modifying agency NMQU
-- LC
-- BD-RjUL
041 1# - LANGUAGE CODE
Language code of text/sound track or separate title eng
Language code of original ger
082 00 - DEWEY DECIMAL CLASSIFICATION NUMBER
Classification number 327.430438
Author mark and year WIO 1964
100 1# - MAIN ENTRY--PERSONAL NAME
Personal name Wilpert, Friedrich von.
9 (RLIN) 110428
245 14 - TITLE STATEMENT
Title The Oder-Neisse problem :
Remainder of title towards fair play in Central Europe.
Statement of responsibility, etc. Friedrich von Wilpert.
260 ## - PUBLICATION, DISTRIBUTION, ETC. (IMPRINT)
Place of publication, distribution, etc. Bonn ;
-- New York :
Name of publisher, distributor, etc. Edition Atlantic-Forum,
Date of publication, distribution, etc. 1964.
300 ## - PHYSICAL DESCRIPTION
Pagination 163 p., [12] p. of plates :
Illustrations ill., col. maps (fold.), ports. ;
Size 24 cm.
500 ## - GENERAL NOTE
General note Author: Friedrich von Wilpert.
General note Translation of: Das Oder-Neisse-Problem.
651 #0 - SUBJECT ADDED ENTRY--GEOGRAPHIC NAME
Geographic name Western and Northern Territories (Poland)
9 (RLIN) 110429
Geographic name Germany
General subdivision Foreign relations
Geographic subdivision Europe, Eastern.
9 (RLIN) 110430
Geographic name Europe, Eastern
General subdivision Foreign relations
Geographic subdivision Germany.
9 (RLIN) 110431
942 ## - ADDED ENTRY ELEMENTS (KOHA)
Source of classification or shelving scheme Dewey Decimal Classification
Koha item type Books
Holdings
Lost status Source of classification or shelving scheme Damaged status Not for loan Collection code Permanent Location Current Location Shelving location Date acquired Source of acquisition Total Checkouts Full call number Date last seen Copy number Koha item type
  Dewey Decimal Classification   Not For Loan Non-fiction Central Library, University of Rajshahi Central Library, University of Rajshahi Reading Room 31/01/1966 Consulate general F R, Germany.   327.430438 WIO 1964 19/06/2014 C-1 Books